| 000 | 00412nam a2200169Ia 4500 | ||
|---|---|---|---|
| 001 | 37160 | ||
| 005 | 20240114001923.0 | ||
| 007 | ta | ||
| 008 | 070529s a g b000 u u | ||
| 082 |
_a410.301 _btr 76 So |
||
| 100 | _atrudgail, Peyer . | ||
| 245 | 0 |
_aSociolingustics / _cPeyer trudgail. _hTextual Documents |
|
| 300 | _bill ; | ||
| 653 | _aEnglish- Literature | ||
| 942 |
_2ddc _cBK |
||
| 999 |
_c37142 _d37142 |
||